000 00449nam a2200169Ia 4500
008 230917s9999||||xx |||||||||||||| ||und||
020 _cRS700
040 _e235684
_aMAIN
041 _aEnglish
082 _a338.4791 S75H
100 _aSethi, Praveen, ed.
245 0 _aHeritage tourism
260 _aNew Delhi
_bAnmol Publiccations
_c2005
300 _aviii, 305 p.
500 _a2449 09/11/2016 RBP16/62531 23/11/2016 IHTM (SFS)
942 _cBK
999 _c19749
_d19749